Payback as a proxy for duration in capital budgeting /

Saved in:
Bibliographic Details
Main Author: Collins, Brett
Corporate Author: University of Melbourne. Graduate School of Management
Other Authors: Rickard, John, Selby, Michael P. J.
Format: Book
Language:English
Published: Parkville, Vic. : Graduate School of Management, University of Melbourne, 1988.
Series:Working paper (University of Melbourne. Graduate School of Management) ; no. 14.
Subjects:
LEADER 01497cam a2200349 a 4500
001 c000390294
003 CARM
005 20120601102455.0
008 120601s1988 vraa b 000 0 eng d
019 1 |a 6176315  |z 6245261  |5 LACONCORD2021 
020 |a 0868398675  |c price unknown 
035 |a (OCoLC)29000249  |5 LACONCORD2021 
040 |a ANB  |b eng  |c ANB  |d VSL 
042 |a anuc 
082 0 4 |a 658.1/52  |2 19 
100 1 |a Collins, Brett. 
245 1 0 |a Payback as a proxy for duration in capital budgeting /  |c by Brett A. Collins, John A. Rickard and Michael P.J. Selby. 
260 |a Parkville, Vic. :  |b Graduate School of Management, University of Melbourne,  |c 1988. 
300 |a 19, 5 p. :  |b ill. ;  |c 30 cm. 
490 1 |a Working paper / University of Melbourne, Graduate School of Management,  |x 0815-1032 ;  |v no. 14 
504 |a Bibliography: p. 19. 
650 0 |a Capital budget  |x Simulation methods. 
650 0 |a Corporations  |x Finance. 
700 1 |a Rickard, John. 
700 1 |a Selby, Michael P. J. 
710 2 |a University of Melbourne.  |b Graduate School of Management 
852 8 |b CARM  |p 0581003  |f BK 
852 8 |b SCAN  |h A3:AG27C0  |i F08296  |p 0581003  |f BK 
830 0 |a Working paper (University of Melbourne. Graduate School of Management) ;  |v no. 14. 
999 f f |i 4ed7379a-2dc5-5147-b16f-c88cced41e15  |s c7300766-6f44-52ce-837a-b9505cee46b7 
952 f f |p Can circulate  |a CAVAL  |b CAVAL  |c CAVAL  |d CARM 1 Store  |i book  |m 0581003 
952 f f |a CAVAL  |b CAVAL  |c CAVAL  |d Unmapped Location  |e F08296  |f A3:AG27C0  |h Other scheme